| 000 | 00575nam a22001937a 4500 | ||
|---|---|---|---|
| 003 | OSt | ||
| 005 | 20260430020344.0 | ||
| 008 | 260430b |||||||| |||| 00| 0 eng d | ||
| 020 | _a9789814296373 | ||
| 040 |
_aDWCL Main LIb. _cOC |
||
| 082 | _aFil. 005.11 P397i 2010 | ||
| 100 | _aPenton, Ron | ||
| 245 |
_aIntroduction to C# game programming / _cRon Penton |
||
| 250 | _aPhilippine edition. | ||
| 260 |
_aPhilippines : _bCengage Learning Asia, _cc2010. |
||
| 300 |
_a248 pages : _billustrations ; _c23cm. |
||
| 650 | _a1. Game programming. | ||
| 942 |
_2ddc _cBK - FIL _n0 |
||
| 999 |
_c10066 _d10066 |
||